000 00923nas a2200313 4500
001 BR9602561
003 BR-BrBNA
005 20231205095752.0
007 ta
008 230509b bl.|||p| |||| 00| 00por d
040 _aBR-BrBNA
_bpor
_cBiblioteca Nacional de Agricultura
041 _a(Pt)
072 _aP35
100 1 _aVilela, L.
100 1 _aRitchey, K.D.
100 1 _aSilva, J.E.
245 1 _aResposta da soja e do milho ao enxofre num latossolo vermelho-escuro sob vegetacao de cerrado do Distrito Federal
650 _aSoja
650 _aMilho
650 _aEnxofre
650 _aGesso
650 _aEfeito Residual
650 _aResteva
650 _aDistrito Federal
650 _aLatossolo
773 0 _tRevista Brasileira de Ciencia do Solo (Brazil)
_xISSN 0100-0683
_g(May-Aug 1995), v. 19(2) p. 281-285
_wBR9602561
909 _a202311
_bLúcia
_c55
_dLúcia Elande
942 _2AGRIS
_n0
_cANA
999 _c152600
_d152600